<?xml version="1.0" encoding="UTF-8"?>
<collection xmlns="http://www.loc.gov/MARC21/slim">
<record>
  <controlfield tag="001">161682</controlfield>
  <controlfield tag="005">20260430141008.0</controlfield>
  <datafield tag="024" ind1="7" ind2=" ">
    <subfield code="2">doi</subfield>
    <subfield code="a">10.1002/sd.3539</subfield>
  </datafield>
  <datafield tag="024" ind1="8" ind2=" ">
    <subfield code="2">sideral</subfield>
    <subfield code="a">144354</subfield>
  </datafield>
  <datafield tag="037" ind1=" " ind2=" ">
    <subfield code="a">ART-2025-144354</subfield>
  </datafield>
  <datafield tag="041" ind1=" " ind2=" ">
    <subfield code="a">eng</subfield>
  </datafield>
  <datafield tag="100" ind1=" " ind2=" ">
    <subfield code="a">Ferrer-Serrano, Marta</subfield>
    <subfield code="u">Universidad de Zaragoza</subfield>
    <subfield code="0">(orcid)0000-0002-1859-0518</subfield>
  </datafield>
  <datafield tag="245" ind1=" " ind2=" ">
    <subfield code="a">Revisiting the Circular Economy Paradox: A Triple Bottom Line Perspective</subfield>
  </datafield>
  <datafield tag="260" ind1=" " ind2=" ">
    <subfield code="c">2025</subfield>
  </datafield>
  <datafield tag="506" ind1="0" ind2=" ">
    <subfield code="a">Access copy available to the general public</subfield>
    <subfield code="f">Unrestricted</subfield>
  </datafield>
  <datafield tag="520" ind1="3" ind2=" ">
    <subfield code="a">ABSTRACTThe Circular Economy (CE) has emerged as a transformative organizational paradigm designed to address the environmental limitations of linear production and consumption systems. Despite its growing prominence, there is ongoing debate about the extent to which CE truly embodies sustainability, particularly whether it adequately addresses the economic, environmental, and social dimensions defined by the Triple Bottom Line (TBL). This study investigates how the TBL approach is addressed in organizational CE research by conducting a bibliometric analysis of 815 academic publications spanning the past two decades. The results reveal a consistent increase in scholarly engagement, marked by a shift from operational‐level concerns toward more systemic approaches focused on resource efficiency and innovative business models. However, the analysis also highlights a notable underrepresentation of the social dimension, raising concerns about the comprehensiveness of current sustainability assessments. Based on these findings, the study identifies key research gaps and proposes eight future research directions to advance a more balanced and integrated understanding of CE as a sustainable model.</subfield>
  </datafield>
  <datafield tag="536" ind1=" " ind2=" ">
    <subfield code="9">info:eu-repo/grantAgreement/ES/AEI/PID2019-107822RB-I00</subfield>
    <subfield code="9">info:eu-repo/grantAgreement/ES/AEI/PID2020-113265GB-C22</subfield>
    <subfield code="9">info:eu-repo/grantAgreement/ES/AEI/PID2023-146084OB-I00</subfield>
    <subfield code="9">info:eu-repo/grantAgreement/ES/AEI/PID2023-148350NB-C21</subfield>
    <subfield code="9">info:eu-repo/grantAgreement/ES/DGA/S33-23R</subfield>
    <subfield code="9">info:eu-repo/grantAgreement/ES/DGA/S64-23R</subfield>
  </datafield>
  <datafield tag="540" ind1=" " ind2=" ">
    <subfield code="9">info:eu-repo/semantics/openAccess</subfield>
    <subfield code="a">by-nc-nd</subfield>
    <subfield code="u">https://creativecommons.org/licenses/by-nc-nd/4.0/deed.es</subfield>
  </datafield>
  <datafield tag="655" ind1=" " ind2="4">
    <subfield code="a">info:eu-repo/semantics/article</subfield>
    <subfield code="v">info:eu-repo/semantics/publishedVersion</subfield>
  </datafield>
  <datafield tag="700" ind1=" " ind2=" ">
    <subfield code="a">Salesa, Aitor</subfield>
    <subfield code="u">Universidad de Zaragoza</subfield>
    <subfield code="0">(orcid)0000-0002-5988-8433</subfield>
  </datafield>
  <datafield tag="710" ind1="2" ind2=" ">
    <subfield code="1">4012</subfield>
    <subfield code="2">650</subfield>
    <subfield code="a">Universidad de Zaragoza</subfield>
    <subfield code="b">Dpto. Direcc.Organiza.Empresas</subfield>
    <subfield code="c">Área Organización de Empresas</subfield>
  </datafield>
  <datafield tag="710" ind1="2" ind2=" ">
    <subfield code="1">4002</subfield>
    <subfield code="2">230</subfield>
    <subfield code="a">Universidad de Zaragoza</subfield>
    <subfield code="b">Dpto. Contabilidad y Finanzas</subfield>
    <subfield code="c">Área Economía Finan. y Contab.</subfield>
  </datafield>
  <datafield tag="773" ind1=" " ind2=" ">
    <subfield code="g">33, 5 (2025), 7526-7545</subfield>
    <subfield code="p">Sustain. dev.</subfield>
    <subfield code="t">Sustainable Development</subfield>
    <subfield code="x">0968-0802</subfield>
  </datafield>
  <datafield tag="856" ind1="4" ind2=" ">
    <subfield code="s">3208239</subfield>
    <subfield code="u">http://zaguan.unizar.es/record/161682/files/texto_completo.pdf</subfield>
    <subfield code="y">Versión publicada</subfield>
  </datafield>
  <datafield tag="856" ind1="4" ind2=" ">
    <subfield code="s">2532131</subfield>
    <subfield code="u">http://zaguan.unizar.es/record/161682/files/texto_completo.jpg?subformat=icon</subfield>
    <subfield code="x">icon</subfield>
    <subfield code="y">Versión publicada</subfield>
  </datafield>
  <datafield tag="909" ind1="C" ind2="O">
    <subfield code="o">oai:zaguan.unizar.es:161682</subfield>
    <subfield code="p">articulos</subfield>
    <subfield code="p">driver</subfield>
  </datafield>
  <datafield tag="951" ind1=" " ind2=" ">
    <subfield code="a">2026-04-30-14:05:35</subfield>
  </datafield>
  <datafield tag="980" ind1=" " ind2=" ">
    <subfield code="a">ARTICLE</subfield>
  </datafield>
</record>
</collection>